000 02342nam a2200325Ia 4500
999 _c36450
_d36450
001 2365
003 GE_BSU
005 20190530162523.0
008 181216s2011||||ge |||||||||||||| ||geo||
020 _a9789941407116
040 _cGE_BSU
041 _ageo
080 _a81(479.223) შ–18
245 _cწიგნის ავტ.: მ. ფაღავა, თინა შიოშვილი, შ. მამულაძე, მერი ცინცაძე, მალხაზ ჩოხარაძე, ზ. შაშიკაძე, ნ. ცეცხლაძე, თ. ფუტკარაძე და სხვ. ; რედ. მამია ფაღავა ; ფოტოები და რუკა მალხაზ ჩოხარაძისა ; შ. რუსთაველის სახელმწიფო უნ-ტი ; ქართველოლოგიის ინ-ტი.
_aშავშეთი = Shavsheti :
_bმონოგრაფია; ისტორია, მატერიალური კულტურის ძეგლები, ეთნოლოგიური ყოფა, ფოლკლორი, ტოპონიმია, შავშური დიალექტი /
264 _aთბილისი :
_bგამ-ბა ჰოროსი XXI,
_c2011.
300 _a617 გვ.
_b23 სმ.
653 _aისტორია
653 _aმატერიალური კულტურის ძეგლები
653 _aეთნოლოგია
653 _aფოლკლორი
700 _a ფაღავა, მ.
_eავტორი
_91854
700 _aშიოშვილი, თინა
_eავტორი
_91855
700 _aმამულაძე, შ.
_eავტორი
_91856
700 _aცინცაძე, მერი
_eავტორი
_91857
700 _a შაშიკაძე, ზ.
_eავტორი
_91858
700 _aცეცხლაზე, ნ.
_eავტორი
_91859
700 _aფაღავა, მამია
_eრედაქტორი
_9142
710 _a შ. რუსთაველის სახელმწიფო უნივერსიტეტი
_bქართველოლოგიის ინსტიტუტი
_91860
942 _cBK
_2udc